Nueva ética sexual /

Guardado en:
Detalles Bibliográficos
Autor principal: Forcano, Benjamín (autor)
Formato: Libro
Idioma:Español
Publicado: Madrid, España : Trotta, 1996, c1996
Colección:(Estructuras y Procesos. Religión)
Temas:
Etiquetas: Agrega una etiqueta
Sin etiquetas, Sé el primero en etiquetar este registro!

MARC

LEADER 00000nam^a2200000^a^4500
001 000562151
005 20250521000000.0
009 20260310131939.031
020 |a 84-8164-105-7 
037 |a Acervo ITESO - Biblioteca 
041 |a ESP 
082 |a 176.  |b FOR 
100 |a Forcano, Benjamín  |e (autor) 
240 1 1 |a [Nueva ética sexual] 
245 1 0 |a Nueva ética sexual /  |c B. Forcano. 
264 4 |a Madrid, España :  |b Trotta,  |c 1996, c1996 
300 |a 452 p. 
336 |a texto  |b txt  |2 rdacontenido 
337 |a sin mediación  |b n  |2 rdamedio 
338 |a volumen  |b nc  |2 rdasoporte 
440 1 |a (Estructuras y Procesos.  |p Religión) 
649 |a XX 
650 |a Control Natal 
650 |a Aborto 
650 |a Relaciones Prematrimoniales 
650 |a Divorcio 
650 |a Familia 
650 |a Soltería 
650 |a Masturbación 
650 |a Homosexualidad 
650 |a Sexualidad y Religión 
650 |a Sexualidad 
650 |a Etica Sexual -  |x Tema Principal 
650 |a Etica Cristiana 
650 |a Filosofía 
910 |a Fondo Castillo-Martínez 
920 |a Impresos - Libros 
930 |a Fondos Especiales 
905 |a 127 
901 |a 0500348217  |b IT2  |c ESP  |i D123863  |u 20250521 
902 |a https://opac.biblio.iteso.mx/vufind/Record/000562151